Boy meets boy / David Levithan.
Available copies
- 1 of 1 copy available at LARL/NWRL Consortium.
- 1 of 1 copy available at Lake Agassiz Regional Library. (Show preferred library)
Current holds
0 current holds with 1 total copy.
Show Only Available Copies
| Location | Call Number / Copy Notes | Barcode | Shelving Location | Status | Due Date |
|---|---|---|---|---|---|
| Moorhead Public Library | Y LEV (Text) | 33500011818929 | Main | Available | - |
Record details
- ISBN: 9780375832994 Trade Paper
- ISBN: 0375832998
- Physical Description: 185 p. ; 21 cm.
- Edition: 1st Ember ed.
- Publisher: New York : Ember, c2013.
Content descriptions
| General Note: | Originally published : New York : Alfred A. Knopf, 2003. "10th anniversary edition featuring new content, including an infinite Darlene story!"--Cover. |
| Summary, etc.: | Paul is a high school sophomore with an ... Read More |
Search for related items by subject
| Subject: | Teenage boys > Juvenile fiction. Gay teenagers > Juvenile fiction. Male friendship > Juvenile fiction. Teenage boys. > Fiction. Gay teenagers > Fiction. Male friendship > Fiction. |
| LDR | 01479cam a2200385Ma 4500 | ||
|---|---|---|---|
| 001 | 163523 | ||
| 003 | LARL_NWRL_CONSORTIUM | ||
| 005 | 20140311100026.0 | ||
| 008 | 120211r20132003nyu d 000 1 eng d | ||
| 020 | . | ‡a9780375832994 Trade Paper | |
| 020 | . | ‡a0375832998 | |
| 035 | . | ‡a(OCoLC)851512788 ‡z(OCoLC)868956261 | |
| 040 | . | ‡aDUNPL ‡beng ‡cDUNPL ‡dOCLCO | |
| 050 | 4. | ‡aPZ7.L5798 ‡bBo 2005 | |
| 082 | 0 | 4. | ‡a[Fic] ‡222 |
| 100 | 1 | . | ‡aLevithan, David. ‡0(LARL_NWRL_CONSORTIUM)141262 |
| 245 | 1 | 0. | ‡aBoy meets boy / ‡cDavid Levithan. |
| 250 | . | ‡a1st Ember ed. | |
| 260 | . | ‡aNew York : ‡bEmber, ‡cc2013. | |
| 300 | . | ‡a185 p. ; ‡c21 cm. | |
| 500 | . | ‡aOriginally published : New York : Alfred A. Knopf, 2003. | |
| 500 | . | ‡a"10th anniversary edition featuring new content, including an infinite Darlene story!"--Cover. | |
| 520 | . | ‡aPaul is a high school sophomore with an interesting collection of friends. | |
| 650 | 0. | ‡aTeenage boys ‡vJuvenile fiction. | |
| 650 | 0. | ‡aGay teenagers ‡vJuvenile fiction. | |
| 650 | 0. | ‡aMale friendship ‡vJuvenile fiction. | |
| 650 | 1. | ‡aTeenage boys. ‡vFiction. ‡0(LARL_NWRL_CONSORTIUM)167627 | |
| 650 | 1. | ‡aGay teenagers ‡vFiction. ‡0(LARL_NWRL_CONSORTIUM)169079 | |
| 650 | 1. | ‡aMale friendship ‡vFiction. ‡0(LARL_NWRL_CONSORTIUM)165977 | |
| 948 | . | ‡hNO HOLDINGS IN LAL - 2 OTHER HOLDINGS | |
| 994 | . | ‡aZ0 ‡bLAL | |
| 901 | . | ‡a163523 ‡bOCLC ‡c163523 ‡tbiblio | |

Add to basket
Permalink
Disable Highlighting